A Digest of South African Black Civil Case Law 1969-1979 / (Record no. 104)
[ view plain ]
| 000 -LEADER | |
|---|---|
| fixed length control field | 00519nam a22001697a 4500 |
| 005 - DATE AND TIME OF INPUT | |
| control field | 20231027072332.0 |
| 008 - DATA ELEMENTS--GENERAL INFORMATION | |
| fixed length control field | 231027b |||||||| |||| 00| 0 eng d |
| 020 ## - INTERNATIONAL STANDARD BOOK NUMBER | |
| International Standard Book Number | 0702113336 |
| 041 ## - LANGUAGE CODE | |
| Language code of text | English |
| 082 ## - SHELF NUMBER | |
| DDC number | 348 WAR |
| 100 ## - MAIN AUTHOR | |
| Main author's name | Warner, PJ |
| Language of a work | English |
| 245 ## - TITLE STATEMENT | |
| Title | A Digest of South African Black Civil Case Law 1969-1979 / |
| Statement of responsibility, etc. | PJ Warner |
| 260 ## - PUBLICATION, DISTRIBUTION, ETC. | |
| Place of publication, distribution, etc. | Cape Town : |
| Name of publisher, distributor, etc. | Juta & Company Ltd, |
| Date of publication, distribution, etc. | 1983 |
| 300 ## - PHYSICAL DESCRIPTION | |
| Other physical details | v, 87 pages ; |
| Dimensions | 25 cm. |
| 650 ## - SUBJECT` | |
| Broad subject | Legal practice |
| Own subject terms | Law |
| 942 ## - ADDED ENTRY ELEMENTS (KOHA) | |
| Item type | Books |
| 942 ## - ADDED ENTRY ELEMENTS (KOHA) | |
| -- | ALISON_BN_VRIES |
| Source of classification or shelving scheme | Not for loan | Collection code | Home library | Current library | Shelving location | Date acquired | Full call number | Barcode | Price effective from | Koha item type |
|---|---|---|---|---|---|---|---|---|---|---|
| Dewey Decimal Classification | TEXT BOOKS | LAW SOCIETY OF NAMIBIA LIBRARY - WINDHOEK | LAW SOCIETY OF NAMIBIA LIBRARY - WINDHOEK | Evidence law | 10/27/2023 | 348 WAR | LSN/1987/289 | 10/27/2023 | Books |
